000 00642nam a2200217Ii 4500
003 JO-AjNU
008 230605s9999||||xx |||||||||||||| ||und||
017 _a2014/2/700
040 _aJO-AjNU
_bara
_erda
_cJO-AjNU
041 _aara
050 1 4 _aZ665 2014
100 3 _aالدبيس ، ماجد مصطفى شامان,
_eauthor
_950605
245 0 0 _aالثقافة والمكتبات
250 _aط1
264 3 1 _aعمان :المؤلف 2014
300 _a308ص
336 _atext
_btxt
_2rdacontent
337 _aunmediated
_bn
_2rdamedia
338 _avolume
_bnc
_2rdacarrier
650 4 _aالمكتبات -الثقافة
_950606
999 _aA22302
_c25870
_d25870